000 00440nam a22001457a 4500
003 LK-CoDNM
005 20240830110909.0
008 240830b |||||||| |||| 00| 0 eng d
040 _aLK-CoDNM
_dLK-CoDNM
_eLK-CoDNM
080 _bඅ 22
245 _aරෝමාගේ වාසනාව
260 _aකොළඹ
_bශ්‍රිි ලංකා ප්‍රකාශක සමාගම
_c1960
300 _b355p. ; 19 cm
942 _cBK
999 _c150211
_d150211